Property appraisal in government (Record no. 74401)

MARC details
000 -LEADER
fixed length control field 01394cab a2200289 4500
001 - CONTROL NUMBER
control field ABS67880
008 - FIXED-LENGTH DATA ELEMENTS--GENERAL INFORMATION
fixed length control field 040517n2004 000 0 eng u
035 ## - SYSTEM CONTROL NUMBER
System control number (Sirsi) u126215
100 ## - MAIN ENTRY--PERSONAL NAME
Personal name Andrew, A.
245 ## - TITLE STATEMENT
Title Property appraisal in government
260 ## - PUBLICATION, DISTRIBUTION, ETC.
Date of publication, distribution, etc. 2004
490 ## - SERIES STATEMENT
Series statement Journal of Property Investment and Finance
Volume/sequential designation 22(2) 2004, 192-199(4)
520 ## - SUMMARY, ETC.
Summary, etc. In 2003 HM Treasury published a revised "Green Book", otherwise known as "The green book appraisal and evaluation in central government " (ISBN 0115601074), which is designed to help decision makers appraise and evaluate capital expenditure decisions more effectively. RICS also brought out its revised edition of the "Red Book", now called "RICSappraisal and valuation standards" (ISBN 1842191233), in March 2003. This paper looks at the development and recent changes to these documents particularly from the viewpoint of a public sector property practitioner involved in day to day appraisal. [Taken from journal abstract].
590 ## - LOCAL NOTE (RLIN)
Local note ABS
590 ## - LOCAL NOTE (RLIN)
Local note ABS
650 ## - SUBJECT ADDED ENTRY--TOPICAL TERM
Topical term or geographic name entry element CAPITAL BUDGETING
650 ## - SUBJECT ADDED ENTRY--TOPICAL TERM
Topical term or geographic name entry element OPTIONS MARKETS
650 ## - SUBJECT ADDED ENTRY--TOPICAL TERM
Topical term or geographic name entry element ASSET VALUATION
650 ## - SUBJECT ADDED ENTRY--TOPICAL TERM
Topical term or geographic name entry element FACILITIES
650 ## - SUBJECT ADDED ENTRY--TOPICAL TERM
Topical term or geographic name entry element GOVERNMENT
650 ## - SUBJECT ADDED ENTRY--TOPICAL TERM
Topical term or geographic name entry element GREEN BOOK
650 ## - SUBJECT ADDED ENTRY--TOPICAL TERM
Topical term or geographic name entry element RICS appraisal and valuation standards
650 ## - SUBJECT ADDED ENTRY--TOPICAL TERM
Topical term or geographic name entry element PROPERTY APPRAISAL
690 ## - LOCAL SUBJECT ADDED ENTRY--TOPICAL TERM (OCLC, RLIN)
Topical term or geographic name as entry element PROPERTY-PROPERTY APPRAISAL AND VALUATION
700 ## - ADDED ENTRY--PERSONAL NAME
Personal name Pitt, M.
942 ## - ADDED ENTRY ELEMENTS (KOHA)
Suppress in OPAC 0
Holdings
Withdrawn status Lost status Source of classification or shelving scheme Damaged status Not for loan Home library Current library Shelving location Date acquired Total Checkouts Full call number Barcode Date last seen Copy number Price effective from Koha item type
    Dewey Decimal Classification     London London Journal article 17/05/2004   ABS67880 126215-1001 06/08/2019 1 06/08/2019 Journal article